000 00768nam a2200229 a 4500
999 _c11615
_d11615
001 11615
003 BD-JhCC
005 20201209134020.0
008 200708b20042018bg |||| ||a| 000 0 ben d
020 _a9783322086
035 _a(BD-JhCC)11615
040 _aBD-JhCC
_dBD-JhCC
041 _aben
082 _a823.8
_bSTE 2018
100 _aস্টিভেনসন, রবার্ট লুইস
245 _aট্রেজার আইল্যান্ড /
_cরবার্ট লুইস স্টিভেনসন ।
260 _aঢাকা:
_bনালন্দা;
_c২০১৮.
300 _a159 p. :
_c22 cm.
650 _aTreasure troves
_xAdventure stories
_zTreasure Island (Imaginary place)
942 _2ddc
_cBK
_02